Full Name of Countries - Statistics

General Stats
  • This quiz has been taken 10 times
  • The average score is 10 of 32
Answer Stats
Hint Answer % Correct
United States United States of America
90%
France French Republic
50%
Italy Italian Republic
50%
Norway Kingdom of Norway
50%
China People's Republic of China
50%
Taiwan Republic of China
50%
Russia Russian Federation
50%
Greece Hellenic Republic
40%
El Salvador Republic of El Salvador
40%
Finland Republic of Finland
40%
South Korea Republic of Korea
40%
United Kingdom United Kingdom of Great Britain and Northern Ireland
40%
Australia Commonwealth of Australia
30%
North Korea Democratic People's Republic of Korea
30%
Bhutan Kingdom of Bhutan
30%
Saudi Arabia Kingdom of Saudi Arabia
30%
Thailand Kingdom of Thailand
30%
Belarus Republic of Belarus
30%
Fiji Republic of Fiji
30%
South Africa Republic of South Africa
30%
Yemen Republic of Yemen
30%
Argentina Argentine Republic
20%
Venezuela Bolivarian Republic of Venezuela
20%
Cambodia Kingdom of Cambodia
20%
Equatorial Guinea Republic of Equatorial Guinea
20%
Palau Republic of Palau
20%
Mexico United Mexican States
20%
Ethiopia Federal Democratic Republic of Ethiopia
10%
Nepal Federal Democratic Republic of Nepal
10%
Somalia Federal Republic of Somalia
10%
Brazil Federative Republic of Brazil
10%
Laos Lao People's Democratic Republic
10%
No matching quizzes found
Score Distribution
Percent of People with Each Score
Percentile by Number Answered
Your Score History
You have not taken this quiz